Devinez l'artiste par sa musique la plus écoutée (Spotify) - Rap US - Statistiques

Statistiques générales
  • Ce quiz a été pris 31 fois
  • Le résultat moyen est 13 sur 31
Statistiques - réponses
Hint Réponse % Correct
Still D.R.E. Dr.Dre
90%
One Dance Drake
79%
Goosebumps Travis Scott
79%
In Da Club 50 Cent
76%
Without Me Eminem
76%
Ni** In Paris Jay-Z
76%
Mask Off Future
72%
California Love Tupac Shakur
69%
Heartless Kanye West
62%
All The Star Kendrick Lamar
55%
Rockstar Post Malone
55%
Drip Too Hard Lil Baby
45%
Love Me Lil Wayne
45%
No Role Modelz J.Cole
41%
Ric Flair Drip Metro Boomin
41%
Hey Ya! Outkast
41%
Young, Wild and Free Snoop Dogg
41%
Creepin' 21 Savage
38%
Hypnotize The Notorious BIG
34%
Shook Ones, Pt. II Mobb Deep
28%
N.Y. State Of Mind Nas
28%
IDGAF Yeat
24%
Falling Down Lil Peep
21%
Money In The Grave Rick Ross
21%
C.R.E.A.M Wu Tang Clan
17%
Love Sosa Chief Kieff
10%
Ultimate Denzel Curry
10%
Something To Rap about Freddie Gibbs
10%
Rapp Snitch Knishes MF DOOM
10%
Ms. Fat Booty Mos Def
7%
Lucid Dreams Lil Uzi Vert
3%
Aucun quiz correspondant
Distribution des résultats
% des personnes avec chaque résultat
Percentile par nombre de réponses
Votre historique - résultats
Vous n’avez pas pris ce quiz